000 00341nam a22001457a 4500
008 210225b ||||| |||| 00| 0 eng d
020 _a9780721686523
041 _aeng
080 _22nd
_a610.73
082 _a610.73
100 _a1
101 _aINF
245 _aFoundations of Maternal-Newborn Nursing
_cGorrie, T. M
942 _2udc
_cBK
999 _c55202
_d55202